Statistics for Top 15 Countries with Covid-19 Cases - 26 Mar 2021

Click here to take the quiz!

General Stats

  • This quiz has been taken 18 times
  • The average score is 18 of 27

Answer Stats

country% Correct
France
100%
Italy
100%
United States
100%
Brazil
94%
India
94%
Russia
94%
Spain
94%
United Kingdom
94%
Argentina
88%
Germany
88%
Belgium
81%
Mexico
81%
Netherlands
75%
Turkey
75%
Colombia
69%
Iran
69%
Poland
69%
Portugal
56%
Sweden
56%
Czechia
50%
Israel
38%
Slovenia
31%
Estonia
25%
Georgia
25%
Panama
25%
Bahrain
19%
Lithuania
19%

Score Distribution

Percentile by Number Answered

Percent of People with Each Score

Your Score History

You have not taken this quiz